000 00257nam a2200097Ia 4500
082 _aAF VAN
245 0 _aWanneer die liefde sterf
100 _a VAN WYK, Selma Pretoria, 1985
_999810
942 _cBK
008 210817s9999 xx 000 0 und d
999 _c425386
_d425385